000
00298nam a22001337a 4500
008
180314b xxu||||| |||| 00| 0 eng d
020
_a
9780838582527
041
_a
eng
080
_a
611
100
_a
6
101
_a
ANA
245
_a
Review of medical physiology
_c
Ganong,W.F
942
_2
udc
_c
BK
999
_c
44941
_d
44941